Statistics for Verona Villafranca Airport Destinations (Verona, Italy)

Click here to take the quiz!

General Stats

  • This quiz has been taken 20 times
  • The average score is 55 of 66

Answer Stats

AirlineDestination% Correct
TransaviaAmsterdam
100%
VoloteaBarcelona
100%
RyanairBari
100%
Jet2.com/Ryanair/TUI AirwaysBirmingham
100%
Neos/RyanairBrindisi
100%
Jet2.com/TUI AirwaysBristol
100%
Neos/Ryanair/Volotea/Wizz AirCatania
100%
EurowingsCologne/Bonn
100%
Aer Lingus/RyanairDublin
100%
EurowingsDusseldorf
100%
Jet2.com/RyanairEdinburgh
100%
Air DolomitiFrankfurt
100%
EurowingsHamburg
100%
FinnairHelsinki
100%
Neos/VoloteaHeraklion
100%
NeosKos
100%
Jet2.comLeeds/Bradford
100%
British Airways/easyJet/TUI Airways/Wizz AirLondon (Gatwick)
100%
Jet2.com/RyanairLondon (Stansted)
100%
Jet2.com/Ryanair/TUI AirwaysManchester
100%
Air DolomitiMunich
100%
RyanairNaples
100%
Ryanair/VoloteaPalermo
100%
NeosRhodes
100%
airBalticRiga
100%
Air Albania/Albawings/Wizz AirTirana
100%
VoloteaZakynthos
100%
VoloteaAlghero
90%
Jet2.comBelfast (International)
90%
Neos/Ryanair/VoloteaCagliari
90%
Air Moldova/FlyOneChisinau
90%
RyanairCorfu
90%
Jet2.comEast Midlands
90%
NeosFuerteventura
90%
Wizz AirGdansk
90%
TUI AirwaysGlasgow
90%
NeosGran Canaria
90%
NeosIbiza
90%
NeosMykonos
90%
Neos/VoloteaOlbia
90%
Neos/RyanairPalma de Mallorca
90%
Neos/VoloteaSantorini
90%
NeosTenerife (South)
90%
Wizz AirWarsaw (Chopin)
90%
VoloteaAthens
80%
Neos/RyanairLamezia Terme
80%
Jet2.com/TUI AirwaysNewcastle upon Tyne
80%
Norwegian Air ShuttleOslo
80%
Arkia/Bluebird Airways/Neos/Tus AirwaysTel Aviv
80%
NeosZanzibar
80%
RyanairCharleroi
70%
VoloteaLampedusa
70%
NeosMenorca
70%
NeosMonastir
70%
VoloteaPantelleria
70%
VoloteaParis (Orly)
70%
VoloteaBerlin
60%
NeosMale
60%
NeosKarpathos
50%
NeosMarsa Alam
50%
NeosSharm El Sheikh
50%
Wizz AirPoznan
30%
NeosReykjavik
30%
NeosMarsa Matruh
20%
NeosMontego Bay
20%
NeosDakar (Diass)
0%

Score Distribution

Percentile by Number Answered

Percent of People with Each Score

Your Score History

You have not taken this quiz